[Event "TCh-FRA Top 12 2015"]
[Site "Montpellier FRA"]
[Date "2015.06.08"]
[Round "10.2"]
[Board "7"]
[White "Pile, Richard"]
[Black "Taddei, Benoit"]
[Result "1-0"]
[WhiteTitle "IM"]
[BlackTitle "FM"]
[WhiteElo "2430"]
[BlackElo "2354"]
[WhiteTeam "GRASSE ECHECS"]
[BlackTeam "METZ FISCHER"]
[WhiteFideId "624110"]
[BlackFideId "610151"]
[EventDate "2015.05.30"]

1. e4 c5 2. Nf3 d6 3. Bb5+ Nd7 4. c3 a6 5. Ba4 Nf6 6. Bc2 e6 7. d4 Be7 8. O-O
Qc7 9. Re1 e5 10. a4 Nf8 11. Nbd2 Ng6 12. d5 h6 13. a5 Nh7 14. Nc4 Bg4 15. Ne3
Bxf3 16. Qxf3 Bg5 17. g3 Bxe3 18. Bxe3 Qc8 19. Ba4+ Kf8 20. Qg2 Nf6 21. f3 Ne7
22. c4 Qc7 23. Qd2 Nc8 24. b4 cxb4 25. Qxb4 Nd7 26. Rab1 Rb8 27. Bxd7 Qxd7 28.
f4 f6 29. c5 dxc5 30. Qxc5+ Kf7 31. fxe5 fxe5 32. Rf1+ Kg6 33. Rf8 Rxf8 34. Qxf8
Kh7 35. Rf1 Qe7 36. Bc5 Qxf8 37. Rxf8 Ra8 38. d6 1-0

[Event "TCh-FRA Top 12 2015"]
[Site "Montpellier FRA"]
[Date "2015.06.08"]
[Round "10.2"]
[Board "8"]
[White "Benmesbah, Natacha"]
[Black "Forestier, Carole"]
[Result "1-0"]
[WhiteTitle "WIM"]
[WhiteElo "2199"]
[BlackElo "2072"]
[WhiteTeam "METZ FISCHER"]
[BlackTeam "GRASSE ECHECS"]
[WhiteFideId "642002"]
[BlackFideId "641405"]
[EventDate "2015.05.30"]

1. e4 d5 2. exd5 Qxd5 3. Nc3 Qd8 4. d4 c6 5. Bc4 Bf5 6. Nf3 Nf6 7. Ne5 e6 8. O-O
Nbd7 9. Qe2 Be7 10. Rd1 O-O 11. Bd3 Bxd3 12. Rxd3 Nb6 13. a3 a5 14. Ne4 Nxe4 15.
Qxe4 Qd5 16. Qg4 Bf6 17. Bh6 Kh8 18. Rg3 g6 19. Bxf8 Rxf8 20. Qf4 Bg7 21. Re1
Nc4 22. b3 Nxe5 23. dxe5 Qc5 24. Qc4 Qxa3 25. Qd4 Qe7 26. Rd3 f6 27. Qd6 Qxd6
28. exd6 e5 29. d7 Rd8 30. Ra1 b6 31. Rd6 Kg8 32. Rad1 c5 33. Rxb6 Kf7 34. Ra6
Bf8 35. Rxa5 f5 36. Ra6 Be7 37. Rc6 e4 38. g3 Kf8 39. Kf1 Kf7 40. Ke2 Bf8 41. h4
h6 42. Rd5 Kg7 43. Rc8 Be7 44. Rxd8 Bxd8 45. Rxc5 Kf7 46. Rc6 g5 47. Rxh6 1-0

[Event "TCh-FRA Top 12 2015"]
[Site "Montpellier FRA"]
[Date "2015.06.08"]
[Round "10.3"]
[Board "1"]
[White "Sokolov, Ivan"]
[Black "Ipatov, Alexander"]
[Result "1/2-1/2"]
[WhiteTitle "GM"]
[BlackTitle "GM"]
[WhiteElo "2623"]
[BlackElo "2612"]
[WhiteTeam "L'ECHIQUIER CHALONNAIS"]
[BlackTeam "C-E BOIS-COLOMBES"]
[WhiteFideId "14400030"]
[BlackFideId "14116731"]
[EventDate "2015.05.30"]

1. d4 d5 2. c4 c6 3. Nf3 Nf6 4. cxd5 cxd5 5. Nc3 Nc6 6. Bf4 a6 7. Rc1 Nh5 8. Bd2
Nf6 9. Bf4 Nh5 10. Bd2 Nf6 11. Bf4 1/2-1/2

[Event "TCh-FRA Top 12 2015"]
[Site "Montpellier FRA"]
[Date "2015.06.08"]
[Round "10.3"]
[Board "3"]
[White "Krasenkow, Michal"]
[Black "Duda, Jan-Krzysztof"]
[Result "1-0"]
[WhiteTitle "GM"]
[BlackTitle "GM"]
[WhiteElo "2610"]
[BlackElo "2610"]
[WhiteTeam "L'ECHIQUIER CHALONNAIS"]
[BlackTeam "C-E BOIS-COLOMBES"]
[WhiteFideId "1113100"]
[BlackFideId "1170546"]
[EventDate "2015.05.30"]

1. d4 Nf6 2. c4 e6 3. Nf3 Bb4+ 4. Nbd2 b6 5. a3 Bxd2+ 6. Bxd2 Bb7 7. Bg5 d6 8.
e3 Nbd7 9. Qc2 h6 10. Bh4 g5 11. Bg3 Ne4 12. Bd3 Ndf6 13. O-O-O Qe7 14. d5 Nc5
15. e4 e5 16. h4 g4 17. Nd2 Nh5 18. Be2 Bc8 19. b4 Nd7 20. Bxg4 Nxg3 21. fxg3
Rg8 22. Bxd7+ Bxd7 23. Qc3 Qf6 24. Rdf1 Qg6 25. Rf3 Bg4 26. Re3 Rc8 27. c5 Ke7
28. Nc4 h5 29. Rf1 Qh6 30. Kb2 Rg6 31. Ree1 a5 32. Ne3 axb4 33. cxd6+ cxd6 34.
Qxb4 Bd7 35. Qxb6 Rxg3 36. Qa7 Ke8 37. Rxf7 Rxg2+ 38. Ka1 Rd8 39. Re7+ Kf8 40.
Rxd7 Rc8 41. Rc7 1-0

[Event "TCh-FRA Top 12 2015"]
[Site "Montpellier FRA"]
[Date "2015.06.08"]
[Round "10.3"]
[Board "4"]
[White "Bauer, Christian"]
[Black "Favarel, Antoine"]
[Result "1-0"]
[WhiteTitle "GM"]
[BlackTitle "FM"]
[WhiteElo "2624"]
[BlackElo "2374"]
[WhiteTeam "C-E BOIS-COLOMBES"]
[BlackTeam "L'ECHIQUIER CHALONNAIS"]
[WhiteFideId "603767"]
[BlackFideId "642371"]
[EventDate "2015.05.30"]

1. Nc3 d5 2. e4 dxe4 3. Nxe4 Nd7 4. Bc4 e6 5. Qe2 Ngf6 6. Ng5 Nb6 7. Bb3 h6 8.
N5f3 a5 9. a3 a4 10. Ba2 g6 11. Ne5 Bg7 12. Ngf3 O-O 13. d4 Nbd7 14. O-O Qe8 15.
Rd1 b6 16. Bc4 Nxe5 17. dxe5 Nd5 18. Bb5 c6 19. Bd3 Ra7 20. h4 Ne7 21. Be3 c5
22. Bb5 Bd7 23. Rxd7 Rxd7 24. Bxa4 Rd2 25. Qc4 Rd7 26. Qb5 Rd8 27. Qb3 Nc6 28.
Qxb6 Rc8 29. Rd1 1-0

[Event "TCh-FRA Top 12 2015"]
[Site "Montpellier FRA"]
[Date "2015.06.08"]
[Round "10.3"]
[Board "5"]
[White "Dourerassou, Jonathan"]
[Black "Maze, Sebastien"]
[Result "1/2-1/2"]
[WhiteTitle "IM"]
[BlackTitle "GM"]
[WhiteElo "2414"]
[BlackElo "2572"]
[WhiteTeam "L'ECHIQUIER CHALONNAIS"]
[BlackTeam "C-E BOIS-COLOMBES"]
[WhiteFideId "628050"]
[BlackFideId "613762"]
[EventDate "2015.05.30"]

1. e4 e6 2. d4 d5 3. Nc3 Bb4 4. Qd3 dxe4 5. Qxe4 Nf6 6. Qh4 Nc6 7. Nf3 Nd5 8.
Bg5 Nce7 9. Bd2 Nxc3 10. bxc3 Bd6 11. Bd3 Bd7 12. c4 c5 13. O-O cxd4 14. Rfe1
Nc6 15. Qg4 g6 16. Nxd4 O-O 17. Nxc6 Bxc6 18. Bc3 Re8 19. Rad1 Qc7 20. h4 Rad8
21. h5 Bf8 22. hxg6 hxg6 23. Bf6 Rd7 24. Be5 Qd8 25. Re3 Bg7 26. Qf4 Bxe5 27.
Qxe5 Qb8 28. Qf6 Qd8 29. Qe5 Qb8 30. Qf6 Qd8 31. Qe5 1/2-1/2

[Event "TCh-FRA Top 12 2015"]
[Site "Montpellier FRA"]
[Date "2015.06.08"]
[Round "10.3"]
[Board "6"]
[White "Koziak, Vitali"]
[Black "Velten, Paul"]
[Result "1/2-1/2"]
[WhiteTitle "IM"]
[BlackTitle "IM"]
[WhiteElo "2467"]
[BlackElo "2457"]
[WhiteTeam "C-E BOIS-COLOMBES"]
[BlackTeam "L'ECHIQUIER CHALONNAIS"]
[WhiteFideId "14102234"]
[BlackFideId "681091"]
[EventDate "2015.05.30"]

1. d4 Nf6 2. Nf3 e6 3. Bg5 h6 4. Bh4 c5 5. c3 cxd4 6. Bxf6 Qxf6 7. cxd4 d5 8. e3
Nc6 9. Nc3 Bd6 10. Bd3 O-O 11. O-O Rd8 12. Qe2 Bd7 13. Rad1 Be8 14. Bb1 Rac8 15.
e4 dxe4 16. Bxe4 g6 17. d5 exd5 18. Rxd5 1/2-1/2

[Event "TCh-FRA Top 12 2015"]
[Site "Montpellier FRA"]
[Date "2015.06.08"]
[Round "10.3"]
[Board "7"]
[White "Anic, Darko"]
[Black "Shoker, Samy"]
[Result "0-1"]
[WhiteTitle "GM"]
[BlackTitle "GM"]
[WhiteElo "2393"]
[BlackElo "2484"]
[WhiteTeam "L'ECHIQUIER CHALONNAIS"]
[BlackTeam "C-E BOIS-COLOMBES"]
[WhiteFideId "602612"]
[BlackFideId "627143"]
[EventDate "2015.05.30"]

1. Nf3 g6 2. d4 Bg7 3. g3 Nf6 4. Bg2 O-O 5. O-O d6 6. c4 Nbd7 7. Nc3 e5 8. h3
Re8 9. e4 exd4 10. Nxd4 a6 11. Re1 Rb8 12. a4 Ne5 13. b3 Bd7 14. f4 Nc6 15. Be3
Na5 16. Rb1 c5 17. Nde2 Bc6 18. e5 dxe5 19. Bxc5 Nd7 20. Be3 exf4 21. Bxf4 Ne5
22. Nd5 b5 23. axb5 axb5 24. c5 b4 25. Qd2 Rb7 26. Red1 Rd7 27. Bg5 f6 28. Be3
Nf7 29. Nef4 g5 30. Nh5 Re5 31. Ndxf6+ Bxf6 32. Qxd7 Bxd7 33. Rxd7 Rxe3 34.
Rxd8+ Bxd8 35. Bd5 Rd3 36. Be6 Nc6 37. Re1 Kf8 38. Bc4 Rd7 39. Bb5 Rc7 40. Re4
Be7 41. Kg2 Bxc5 42. Re6 Ne7 43. Nf6 Bd6 44. Nxh7+ Kg7 45. Nf6 Rc2+ 46. Kf1 Bc5
47. Ne4 Nf5 48. Bd3 Rc1+ 49. Kg2 Bd4 50. Nf2 N5d6 51. Ng4 Rc3 0-1

[Event "TCh-FRA Top 12 2015"]
[Site "Montpellier FRA"]
[Date "2015.06.08"]
[Round "10.3"]
[Board "8"]
[White "Guichard, Pauline"]
[Black "Veillerette, Chantal"]
[Result "1-0"]
[WhiteTitle "WGM"]
[WhiteElo "2367"]
[BlackElo "1754"]
[WhiteTeam "C-E BOIS-COLOMBES"]
[BlackTeam "L'ECHIQUIER CHALONNAIS"]
[WhiteFideId "639370"]
[BlackFideId "20609892"]
[EventDate "2015.05.30"]

1. d4 Nf6 2. c4 g6 3. Nc3 Bg7 4. e4 d6 5. Be2 O-O 6. Bg5 c5 7. d5 h6 8. Be3 Na6
9. Qd2 Kh7 10. f3 Nc7 11. g4 Nfe8 12. h4 h5 13. gxh5 gxh5 14. Nh3 Bxh3 15. Rxh3
Qd7 16. Rg3 Bf6 17. O-O-O Rg8 18. Rxg8 Kxg8 19. Rg1+ Kh7 20. e5 dxe5 21. Bd3+
Kh8 22. Bd4 Bg7 23. Rxg7 Nxg7 24. Qh6+ 1-0

[Event "TCh-FRA Top 12 2015"]
[Site "Montpellier FRA"]
[Date "2015.06.08"]
[Round "10.4"]
[Board "4"]
[White "Vaisser, Anatoly"]
[Black "Edouard, Romain"]
[Result "0-1"]
[WhiteTitle "GM"]
[BlackTitle "GM"]
[WhiteElo "2530"]
[BlackElo "2627"]
[WhiteTeam "C.E. STRASBOURG"]
[BlackTeam "BISCHWILLER"]
[WhiteFideId "603252"]
[BlackFideId "633429"]
[EventDate "2015.05.30"]

1. d4 Nf6 2. c4 e6 3. Nc3 Bb4 4. e3 O-O 5. Ne2 d5 6. a3 Bd6 7. c5 Be7 8. b4 c6
9. Nf4 Nbd7 10. Nd3 b6 11. Be2 a5 12. Bd2 Ne4 13. O-O axb4 14. Nxe4 dxe4 15.
Nxb4 Bb7 16. cxb6 c5 17. dxc5 Nxc5 18. Bc3 Qxb6 19. a4 Qc7 20. a5 Nd3 21. Na2
Rfd8 22. Bxd3 exd3 23. Qg4 g6 24. Rfc1 Rd5 25. e4 Rh5 26. h3 Qd7 27. Nb4 Rh4 28.
Qg3 Bxe4 29. Rd1 Rc8 30. Bd2 Rh5 31. a6 Bc5 32. Be1 Qe7 33. Nxd3 Rg5 34. Nxc5
Qxc5 35. Qb3 Bxg2 36. Qe3 Bf3+ 37. Kf1 Bg2+ 38. Kg1 Bc6+ 0-1

[Event "TCh-FRA Top 12 2015"]
[Site "Montpellier FRA"]
[Date "2015.06.08"]
[Round "10.4"]
[Board "5"]
[White "Le Roux, Jean-Pierre"]
[Black "Sanikidze, Tornike"]
[Result "1/2-1/2"]
[WhiteTitle "GM"]
[BlackTitle "GM"]
[WhiteElo "2546"]
[BlackElo "2515"]
[WhiteTeam "BISCHWILLER"]
[BlackTeam "C.E. STRASBOURG"]
[WhiteFideId "609404"]
[BlackFideId "13602608"]
[EventDate "2015.05.30"]

1. Nf3 d6 2. d4 Nf6 3. Nc3 Nc6 4. Bg5 Bg4 5. e3 e6 6. d5 Nb8 7. h3 Bh5 8. g4 Bg6
9. dxe6 fxe6 10. Bg2 c6 11. Nd4 Bf7 12. Qe2 Nbd7 13. O-O-O Qc7 14. f4 O-O-O 15.
Bh4 Re8 16. Bg3 e5 17. fxe5 Nxe5 18. g5 Nfd7 19. e4 g6 20. h4 Kb8 21. Bh3 a6 22.
Qf2 Bg7 23. Bxd7 Qxd7 24. Nf3 Nc4 25. Rd3 Qc7 26. Rhd1 Qa5 27. Nd4 Qc7 28. Nxc6+
bxc6 29. Rxd6 Be5 30. Bxe5 Nxe5 31. Qc5 Qa7 32. Qb4+ Qb7 33. Qc5 Nc4 34. Na4
Nxd6 35. Qxd6+ Ka8 36. Nc5 Qb6 37. Nd7 Qb7 38. Nc5 Qb6 39. Nd7 Qe3+ 40. Kb1 Rc8
41. b3 Qxe4 42. Rd4 Qe1+ 43. Kb2 Rhd8 44. Qc5 Bd5 45. Rxd5 cxd5 46. Qxd5+ Ka7
47. Qd4+ 1/2-1/2

[Event "TCh-FRA Top 12 2015"]
[Site "Montpellier FRA"]
[Date "2015.06.08"]
[Round "10.4"]
[Board "6"]
[White "Rozentalis, Eduardas"]
[Black "Schlosser, Philipp"]
[Result "1/2-1/2"]
[WhiteTitle "GM"]
[BlackTitle "GM"]
[WhiteElo "2529"]
[BlackElo "2577"]
[WhiteTeam "C.E. STRASBOURG"]
[BlackTeam "BISCHWILLER"]
[WhiteFideId "12800023"]
[BlackFideId "4600169"]
[EventDate "2015.05.30"]

1. e4 c5 2. Nf3 e6 3. g3 Nc6 4. Bg2 Nf6 5. d3 Be7 6. O-O O-O 7. Re1 d6 8. c3 Bd7
9. d4 cxd4 10. cxd4 d5 11. exd5 Nxd5 12. Nc3 Nxc3 13. bxc3 Rc8 14. Qd3 a6 15. h4
Na5 16. Bg5 h6 17. Bxe7 Qxe7 18. Ne5 Bb5 19. Qe3 Nc4 20. Nxc4 1/2-1/2

[Event "TCh-FRA Top 12 2015"]
[Site "Montpellier FRA"]
[Date "2015.06.08"]
[Round "10.4"]
[Board "7"]
[White "Netzer, Jean"]
[Black "Heinz, Timothee"]
[Result "1/2-1/2"]
[WhiteTitle "IM"]
[BlackTitle "FM"]
[WhiteElo "2396"]
[BlackElo "2350"]
[WhiteTeam "BISCHWILLER"]
[BlackTeam "C.E. STRASBOURG"]
[WhiteFideId "623350"]
[BlackFideId "623369"]
[EventDate "2015.05.30"]

1. e4 e6 2. d4 d5 3. Nd2 c5 4. exd5 exd5 5. Ngf3 Nc6 6. Bb5 cxd4 7. O-O Bd6 8.
Nb3 Ne7 9. Nbxd4 O-O 10. h3 h6 11. Re1 Qc7 12. c3 Bd7 13. Bd3 a6 14. Be3 Rfe8
15. Qd2 Ng6 16. Bxg6 fxg6 17. Ne2 Rad8 18. Nf4 Ne7 19. Nd4 Qc8 20. Nd3 Nf5 21.
Bf4 Bf8 22. Ne5 g5 23. Nxd7 Qxd7 24. Nxf5 Qxf5 25. Bc7 Rxe1+ 26. Rxe1 Rd7 27.
Bb6 Qf6 28. Bd4 Qg6 29. Qd1 Re7 30. Be5 Qc6 31. g3 Re6 32. Bd4 Qe8 33. Rxe6 Qxe6
34. Kg2 Qe4+ 35. Qf3 Qxf3+ 36. Kxf3 b5 37. Ke3 Kf7 38. Bb6 Ke6 39. g4 Kd6 40.
Kd3 Be7 41. Ba7 Bf6 42. Bb8+ Kc5 43. b3 Kc6 44. Ba7 Kd6 45. Bb8+ Kc6 46. Ba7 Kd6
47. Bd4 1/2-1/2

[Event "TCh-FRA Top 12 2015"]
[Site "Montpellier FRA"]
[Date "2015.06.08"]
[Round "10.4"]
[Board "8"]
[White "Roos, Louis"]
[Black "Maisuradze, Nino"]
[Result "1/2-1/2"]
[WhiteTitle "IM"]
[BlackTitle "WGM"]
[WhiteElo "2370"]
[BlackElo "2279"]
[WhiteTeam "C.E. STRASBOURG"]
[BlackTeam "BISCHWILLER"]
[WhiteFideId "600288"]
[BlackFideId "13601717"]
[EventDate "2015.05.30"]

1. c4 e5 2. Nc3 Nc6 3. g3 g6 4. Bg2 Bg7 5. e3 d6 6. Nge2 Nf6 7. O-O O-O 8. d4
exd4 9. Nxd4 Nxd4 10. exd4 Bg4 11. Qb3 Rb8 12. h3 Be6 13. d5 Bf5 14. Be3 b6 15.
Nb5 a6 16. Nd4 Bd7 17. Rac1 Re8 18. Qd3 b5 19. c5 Bf8 20. cxd6 Bxd6 21. Nc6 Bxc6
22. Rxc6 a5 23. Rfc1 Nd7 24. Ra6 Ne5 25. Qc2 Nc4 26. Bd4 a4 27. b3 axb3 28. axb3
Ne5 29. Qd2 Ra8 30. Rxa8 Qxa8 31. Re1 Qd8 32. Re3 Nd7 33. Bf1 Rxe3 34. Qxe3 b4
35. h4 Qe7 36. Qc1 Qe4 37. Qe3 Qxd5 38. Bc4 Qf5 39. Qe8+ Nf8 40. Kg2 Qd7 41. Qe4
Qe7 42. Qf3 Nd7 43. Qa8+ Nf8 44. Qf3 Nd7 45. Qa8+ Nf8 46. Qf3 1/2-1/2

[Event "TCh-FRA Top 12 2015"]
[Site "Montpellier FRA"]
[Date "2015.06.08"]
[Round "10.5"]
[Board "4"]
[White "Battaglini, Gabriel"]
[Black "Hamdouchi, Hicham"]
[Result "0-1"]
[WhiteTitle "IM"]
[BlackTitle "GM"]
[WhiteElo "2451"]
[BlackElo "2608"]
[WhiteTeam "EVRY GRAND ROQUE"]
[BlackTeam "CLICHY-ECHECS-92"]
[WhiteFideId "621650"]
[BlackFideId "9000011"]
[EventDate "2015.05.30"]

1. d4 Nf6 2. c4 d6 3. Nc3 e5 4. Nf3 Nbd7 5. e4 g6 6. Be2 Bg7 7. O-O O-O 8. d5
Nc5 9. Qc2 a5 10. Ne1 b6 11. b3 Bd7 12. Bd2 Kh8 13. Rd1 Nh5 14. g3 f5 15. exf5
Bxf5 16. Qc1 Qd7 17. Bh6 Bh3 18. Ng2 Bxh6 19. Qxh6 Ng7 20. Nb5 Rf7 21. f3 Raf8
22. Qe3 Kg8 23. a3 Nf5 24. Qc3 c6 25. dxc6 Qxc6 26. g4 Bxg2 27. gxf5 Bxf1 28.
Rxd6 Qe8 29. Bxf1 Rxf5 30. Bg2 e4 31. Nd4 Rf4 32. Bh3 Qe5 33. Rd5 Qf6 34. Qe3
exf3 35. b4 Re4 36. Qxf3 Qxd4+ 37. Rxd4 Rxf3 38. bxc5 Rxd4 39. Be6+ Kf8 40. cxb6
Rb3 41. c5 Rb2 0-1

[Event "TCh-FRA Top 12 2015"]
[Site "Montpellier FRA"]
[Date "2015.06.08"]
[Round "10.5"]
[Board "5"]
[White "Van Wely, Loek"]
[Black "Milliet, Sophie"]
[Result "1/2-1/2"]
[WhiteTitle "GM"]
[BlackTitle "IM"]
[WhiteElo "2653"]
[BlackElo "2369"]
[WhiteTeam "CLICHY-ECHECS-92"]
[BlackTeam "EVRY GRAND ROQUE"]
[WhiteFideId "1000268"]
[BlackFideId "623725"]
[EventDate "2015.05.30"]

1. d4 Nf6 2. c4 c5 3. d5 b5 4. cxb5 a6 5. bxa6 g6 6. Nc3 Bg7 7. e4 O-O 8. Nf3
Qa5 9. Bd2 Bxa6 10. Be2 Qb4 11. Qc2 Bxe2 12. Kxe2 e6 13. Rhd1 exd5 14. exd5 Qg4
15. Kf1 Qc4+ 16. Kg1 Nxd5 17. b3 Nb4 18. bxc4 Nxc2 19. Rac1 Nd4 20. Bf4 Nxf3+
21. gxf3 Bxc3 22. Rxc3 Rxa2 23. Kg2 Rc8 24. Rb3 Ra8 25. Rb7 Nc6 26. Rbxd7 Nd4
27. Be5 Rd8 28. Rb7 Nc6 29. Rxd8+ Nxd8 30. Rb5 Ne6 31. Kg3 h5 32. f4 Kf8 33.
Bd6+ Kg7 34. Be5+ Kf8 35. Bd6+ Kg7 36. Be5+ 1/2-1/2

[Event "TCh-FRA Top 12 2015"]
[Site "Montpellier FRA"]
[Date "2015.06.08"]
[Round "10.5"]
[Board "6"]
[White "Moussard, Jules"]
[Black "Matlakov, Maxim"]
[Result "0-1"]
[WhiteTitle "IM"]
[BlackTitle "GM"]
[WhiteElo "2444"]
[BlackElo "2694"]
[WhiteTeam "EVRY GRAND ROQUE"]
[BlackTeam "CLICHY-ECHECS-92"]
[WhiteFideId "642908"]
[BlackFideId "4168003"]
[EventDate "2015.05.30"]

1. e4 c5 2. Nf3 Nc6 3. b4 cxb4 4. a3 bxa3 5. d4 d6 6. Nxa3 Nf6 7. Bd3 g6 8. O-O
Bg7 9. c3 O-O 10. Qe2 a6 11. Be3 Rb8 12. Rfb1 d5 13. e5 Ne4 14. Qc2 b5 15. Ne1
f6 16. f3 Ng5 17. f4 Ne4 18. c4 dxc4 19. Bxc4+ bxc4 20. Qxc4+ Kh8 21. Qxc6 Rxb1
22. Nxb1 Bf5 23. Rxa6 g5 24. Nf3 gxf4 25. Bxf4 fxe5 26. Bh6 Nf6 27. Bxg7+ Kxg7
28. Qb5 e4 29. Qxf5 exf3 30. Qxf3 Qxd4+ 31. Qf2 Qd1+ 32. Qf1 Qc2 33. Na3 Qb2 34.
Qf2 Qa1+ 35. Qf1 Qe5 36. Nc2 Rd8 37. h3 Qc5+ 0-1

[Event "TCh-FRA Top 12 2015"]
[Site "Montpellier FRA"]
[Date "2015.06.08"]
[Round "10.5"]
[Board "7"]
[White "Skripchenko, Almira"]
[Black "Leroy, Didier"]
[Result "1-0"]
[WhiteTitle "IM"]
[BlackTitle "IM"]
[WhiteElo "2421"]
[BlackElo "2277"]
[WhiteTeam "CLICHY-ECHECS-92"]
[BlackTeam "EVRY GRAND ROQUE"]
[WhiteFideId "13900145"]
[BlackFideId "610950"]
[EventDate "2015.05.30"]

1. e4 e5 2. Nf3 Nc6 3. Nc3 Nf6 4. Bb5 Bb4 5. O-O O-O 6. d3 d6 7. Ne2 Ne7 8. c3
Ba5 9. Ng3 h6 10. d4 c6 11. Ba4 Qc7 12. h3 Be6 13. Bc2 Rad8 14. Be3 Qb8 15. Qc1
Kh7 16. dxe5 dxe5 17. Nxe5 Bc7 18. Nxc6 bxc6 19. e5+ g6 20. exf6 Ng8 21. Ne4
Rfe8 22. Re1 Qb5 23. Bxh6 1-0

[Event "TCh-FRA Top 12 2015"]
[Site "Montpellier FRA"]
[Date "2015.06.08"]
[Round "10.5"]
[Board "8"]
[White "Bergez, Luc"]
[Black "Delorme, Axel"]
[Result "1/2-1/2"]
[WhiteTitle "IM"]
[BlackTitle "IM"]
[WhiteElo "2327"]
[BlackElo "2497"]
[WhiteTeam "EVRY GRAND ROQUE"]
[BlackTeam "CLICHY-ECHECS-92"]
[WhiteFideId "606600"]
[BlackFideId "632023"]
[EventDate "2015.05.30"]

1. e4 e5 2. Nf3 Nc6 3. Bc4 Bc5 4. c3 Nf6 5. d4 exd4 6. cxd4 Bb4+ 7. Bd2 Nxe4 8.
Bxf7+ Kxf7 9. Qb3+ d5 10. Bxb4 Re8 11. O-O Kg8 12. Bc3 Bg4 13. Nbd2 Nxd2 14.
Nxd2 Be2 15. Rfe1 b5 16. Qc2 a5 17. b3 Qf6 18. Nf1 b4 19. Bb2 Nxd4 20. Qd2 c5
21. Ng3 Bb5 22. h3 Rxe1+ 23. Rxe1 Rf8 24. Rd1 Ne2+ 25. Nxe2 Qxf2+ 26. Kh1 Qxe2
27. Qxd5+ Kh8 28. Rd2 Qf1+ 29. Kh2 Qf4+ 30. Kh1 Qg3 31. Rd1 Bf1 32. Qf3 Qxf3 33.
gxf3 Bxh3 34. Rd5 h6 35. Rxc5 Rxf3 36. Be5 Rf1+ 37. Kh2 Be6 38. Rxa5 Rf5 39. Bc7
Kh7 40. Rxf5 Bxf5 41. Bd6 Bb1 42. a4 bxa3 43. Bxa3 Be4 44. Kg3 g5 45. Be7 Kg6
46. b4 Bc6 47. Bd8 h5 48. Be7 h4+ 49. Kf2 Kh5 50. Bd8 g4 51. Bc7 Kg6 52. Bd6 Kf5
53. Bc7 Ke4 54. Bd6 g3+ 1/2-1/2

[Event "TCh-FRA Top 12 2015"]
[Site "Montpellier FRA"]
[Date "2015.06.08"]
[Round "10.6"]
[Board "3"]
[White "Picard, Romain"]
[Black "Gajewski, Grzegorz"]
[Result "1/2-1/2"]
[WhiteTitle "IM"]
[BlackTitle "GM"]
[WhiteElo "2368"]
[BlackElo "2648"]
[WhiteTeam "POITIERS-MIGNE"]
[BlackTeam "MULHOUSE PHILIDOR"]
[WhiteFideId "627216"]
[BlackFideId "1116207"]
[EventDate "2015.05.30"]

1. e4 c5 2. Nf3 e6 3. d4 cxd4 4. Nxd4 Nc6 5. Nc3 a6 6. Be2 d6 7. O-O Nf6 8. Be3
Be7 9. f4 Bd7 10. Kh1 O-O 11. a4 Nxd4 12. Bxd4 Bc6 13. e5 dxe5 14. fxe5 Nd7 15.
Bd3 Nc5 16. Bxc5 Bxc5 17. Qh5 g6 18. Qh6 Qc7 19. Rae1 Rfd8 20. Be4 Bf8 21. Qh3
Be8 22. Bd3 Bg7 23. Ne4 Qxe5 24. Nf6+ Bxf6 25. Rxe5 Bxe5 26. b3 Rac8 27. Qf3 Rc7
28. Qe3 Bg7 29. Qb6 Rcd7 30. Rf4 e5 31. Rc4 Bf8 32. h4 Bd6 33. g4 f6 34. Rc3 Kg7
35. g5 f5 36. Bc4 Bf7 37. Bxf7 Kxf7 38. Rd3 e4 39. Rd5 Be7 40. c4 Rxd5 41. cxd5
Rxd5 42. Qxb7 Rd6 43. Kg2 Re6 44. Kf1 f4 45. b4 e3 46. Ke2 Rd6 47. b5 Rd2+ 48.
Ke1 Rb2 49. Qd5+ Kf8 50. Qa8+ Kf7 51. Qd5+ Kf8 52. Qa8+ Kf7 1/2-1/2

[Event "TCh-FRA Top 12 2015"]
[Site "Montpellier FRA"]
[Date "2015.06.08"]
[Round "10.6"]
[Board "4"]
[White "Degraeve, Jean-Marc"]
[Black "Bedouin, Xavier"]
[Result "1-0"]
[WhiteTitle "GM"]
[BlackTitle "IM"]
[WhiteElo "2555"]
[BlackElo "2336"]
[WhiteTeam "MULHOUSE PHILIDOR"]
[BlackTeam "POITIERS-MIGNE"]
[WhiteFideId "600270"]
[BlackFideId "617040"]
[EventDate "2015.05.30"]

1. e4 c5 2. Nf3 Nc6 3. Bb5 e6 4. O-O Nge7 5. Re1 a6 6. Bf1 d5 7. d3 dxe4 8. dxe4
Qxd1 9. Rxd1 Ng6 10. a4 Be7 11. Na3 Nge5 12. Nd2 g5 13. Ndc4 Bd7 14. Be3 f6 15.
Nd6+ Bxd6 16. Rxd6 Nd8 17. Bxc5 Bxa4 18. Rad1 Bc6 19. Nc4 Nef7 20. R6d2 Rc8 21.
Ba3 Rg8 22. h3 h5 23. b3 1-0

[Event "TCh-FRA Top 12 2015"]
[Site "Montpellier FRA"]
[Date "2015.06.08"]
[Round "10.6"]
[Board "5"]
[White "Tranchant, Sebastien"]
[Black "Ider, Borya"]
[Result "0-1"]
[BlackTitle "IM"]
[WhiteElo "2275"]
[BlackElo "2401"]
[WhiteTeam "POITIERS-MIGNE"]
[BlackTeam "MULHOUSE PHILIDOR"]
[WhiteFideId "626732"]
[BlackFideId "4901134"]
[EventDate "2015.05.30"]

1. d4 d5 2. c4 e6 3. Nc3 Nf6 4. cxd5 exd5 5. Bg5 c6 6. Qc2 Be7 7. e3 Nbd7 8. Bd3
O-O 9. Nge2 h6 10. Bf4 Nh5 11. Be5 Nxe5 12. dxe5 Qc7 13. f4 Qb6 14. Kf2 f6 15.
e6 Bxe6 16. f5 Bf7 17. g4 Rae8 18. gxh5 Bc5 19. Ng3 Bxe3+ 20. Kg2 c5 21. b3 Re5
22. Rae1 Rfe8 23. Nd1 c4 24. bxc4 dxc4 25. Be4 Bd4 26. Re2 Qc5 27. a4 a6 28. Nc3
b5 29. axb5 axb5 30. Rb1 b4 31. Na4 Qd6 32. Rd1 Rd8 33. Red2 b3 34. Qb1 Qb4 35.
Rxd4 Rxd4 36. Rxd4 Qxa4 37. Qd1 Qb5 38. Rd8+ Re8 39. Ne2 Kh7 40. Nc3 Qe5 41.
Rxe8 Bxe8 42. Qf3 b2 43. Bb1 Qe1 44. Be4 Qd2+ 45. Kf1 Qxh2 46. Bd5 Bxh5 47. Qe3
Bg4 48. Qe8 Bh3+ 49. Ke1 Qg1+ 50. Kd2 Qc1+ 51. Ke2 Qc2+ 52. Ke3 Qxc3+ 0-1